Law of trusts and trustees : (Record no. 531)

MARC details
000 -LEADER
fixed length control field 00922nam a2200277u 4500
001 - CONTROL NUMBER
control field 8353855
003 - CONTROL NUMBER IDENTIFIER
control field OSt
005 - DATE AND TIME OF LATEST TRANSACTION
control field 20110422131255.0
008 - FIXED-LENGTH DATA ELEMENTS--GENERAL INFORMATION
fixed length control field 821108s1951 mou 000 0 eng
010 ## - LIBRARY OF CONGRESS CONTROL NUMBER
LC control number 48021357
020 ## - INTERNATIONAL STANDARD BOOK NUMBER
International Standard Book Number 0406938849
040 ## - CATALOGING SOURCE
Original cataloging agency DLC
Transcribing agency CarP
Modifying agency DLC
043 ## - GEOGRAPHIC AREA CODE
Geographic area code n-us---
050 00 - LIBRARY OF CONGRESS CALL NUMBER
Classification number KF730
Item number .B62
082 ## - DEWEY DECIMAL CLASSIFICATION NUMBER
Classification number 346.05 UND
100 1# - MAIN ENTRY--PERSONAL NAME
Personal name Underhill and Hayton
9 (RLIN) 1544
245 04 - TITLE STATEMENT
Title Law of trusts and trustees :
Statement of responsibility, etc Underhil and Hayton /
250 ## - EDITION STATEMENT
Edition statement 6th ed.
260 ## - PUBLICATION, DISTRIBUTION, ETC. (IMPRINT)
Place of publication, distribution, etc Kansas City, Mo.,
Name of publisher, distributor, etc Vernon Law Book Co. [1946-53; v. l.
Date of publication, distribution, etc 2003
300 ## - PHYSICAL DESCRIPTION
Extent cxIix, 1107p.;
Dimensions 20 cm.
650 #0 - SUBJECT ADDED ENTRY--TOPICAL TERM
Topical term or geographic name as entry element Trusts and trustees
Geographic subdivision United States. [from old catalog]
9 (RLIN) 1545
700 1# - ADDED ENTRY--PERSONAL NAME
Personal name Bogert, George Taylor. [from old catalog]
9 (RLIN) 1546
906 ## - LOCAL DATA ELEMENT F, LDF (RLIN)
a 0
b cbc
c premunv
d u
e ncip
f 19
g y-gencatlg
942 ## - ADDED ENTRY ELEMENTS (KOHA)
Source of classification or shelving scheme Dewey Decimal Classification
Koha item type Books
Holdings
Withdrawn status Lost status Source of classification or shelving scheme Damaged status Not for loan Home library Current library Shelving location Date acquired Total Checkouts Full call number Barcode Date last seen Price effective from Koha item type
    Dewey Decimal Classification     Law Development Centre Main Library Law Development Centre Main Library Text Books and Laws 04/22/2011   346.05 UND 7709 04/22/2011 04/22/2011 Books